| 000 -LEADER |
| fixed length control field |
00436cam a22001457a 4500 |
| 008 - FIXED-LENGTH DATA ELEMENTS--GENERAL INFORMATION |
| fixed length control field |
180718b1983 xxu||||| |||| 00| 0 eng d |
| 020 ## - INTERNATIONAL STANDARD BOOK NUMBER |
| International Standard Book Number |
0030633060 |
| 082 ## - DEWEY DECIMAL CLASSIFICATION NUMBER |
| Classification number |
Lmx914 B147 |
| 245 ## - TITLE STATEMENT |
| Title |
Local government finance in the third world |
| Statement of responsibility, etc. |
edited by Roy Bahl And Barbare D. Miller |
| 260 ## - PUBLICATION, DISTRIBUTION, ETC. |
| Place of publication, distribution, etc. |
Praeger |
| Name of publisher, distributor, etc. |
Praeger |
| Date of publication, distribution, etc. |
1983 |
| 300 ## - PHYSICAL DESCRIPTION |
| Extent |
xvi,94p |
| 650 ## - SUBJECT ADDED ENTRY--TOPICAL TERM |
| Topical term or geographic name entry element |
Local finance --Philippines. |
| 700 ## - ADDED ENTRY--PERSONAL NAME |
| Personal name |
Miller, Barbare D. |
| 700 ## - ADDED ENTRY--PERSONAL NAME |
| Personal name |
Bahl , Roy |